000 01065nam a22002417a 4500
999 _c63743
_d63743
005 20240530110656.0
008 171221s2015 ua abh f b 000 0 ara d
017 _a2015/27756
_bمصر. دار الكتب
040 _aEG-CaGPL
_cEG-CaGPL
082 0 4 _221
_a723.3 /
_bس ع
100 0 _aسهير جميل دهشان
245 1 0 _aعمائر اسلامية من عصر الاسرة العلوية بالقاهرة :
_bدراسة لعمائر غير مسجلة اثار /
_cتاليف سهير جميل دهشان
260 _aالقاهرة :
_bمؤسسة ابن خلدون للطباعة والنشر والتوزيع ،
_c2015.
300 _a288 ص. :
_bايض ؛
_c24 سم.
504 _aيشتمل على ارجاعات ببليوجرافية
650 0 7 _2qrmak
_aالعمارة الاسلامية
650 0 7 _2qrmak
_aالاثار الاسلامية
650 0 7 _2qrmak
_aالقصور الاسلامية
650 0 7 _2qrmak
_aالحضارة الاسلامية
651 _2qrmak
942 _2ddc
_cBK